=LDR 00000nam 2200000 4500 =001 INLIS000000000025621 =005 20130612124121 =008 ***********************************Ind** =035 ##$$0010-061300000025621 =041 ##$$a Ind =082 ##$$a 345.02 =090 ##$$a 345.02, Ali y =100 ##$$a Ali, Chidir =245 ##$$a Yurisprudensi tentang perbuatan melanggar hukum, (onrechtmatige daad), Chidir Ali =260 ##$$a 1978 $b Bandung =300 ##$$a xix, 267 hlm, 22 cm =650 ##$$a Hukum - Yurisprudensi =850 ##$$a NBPNMAT